Normal view
MARC view
- Soley, Richard, Nour Ali, Grundy, John, Tekinerdogan, Bedir
Entry Personal Name
001 - CONTROL NUMBER
- control field: 61027
003 - CONTROL NUMBER IDENTIFIER
- control field: NUST
005 - DATE AND TIME OF LATEST TRANSACTION
- control field: 20210628202656.0
008 - FIXED-LENGTH DATA ELEMENTS
- fixed length control field: 210628|| aca||aabn | a|a d
040 ## - CATALOGING SOURCE
- Original cataloging agency: NUST
- Transcribing agency: NUST
100 ## - HEADING--PERSONAL NAME
- Personal name: Soley, Richard, Nour Ali, Grundy, John, Tekinerdogan, Bedir
670 ## - SOURCE DATA FOUND
- Source citation: Work cat.: (NUST): Mistrik, Ivan 61025, Software quality assurance,in large scale and complex software intensive systems, 2016
